35 Maiores Municípios do Brasil por Área - Statistics

Estatísticas Gerais
  • Esse quiz foi jogado 40 vezes
  • A pontuação média é 8 de 35
Estatísticas das Respostas
Estado Posição Municípios % Correto
Pará 1 Altamira
91%
Amazonas 3 São Gabriel da Cachoeira
54%
Pará 6 São Felix do Xingu
54%
Mato Grosso do Sul 11 Corumbá
51%
Rondônia 26 Porto Velho
49%
Amazonas 2 Barcelos
43%
Pará 4 Oriximiná
40%
Amazonas 29 Humaitá
37%
Amazonas 14 Coari
34%
Amapá 30 Laranjal do Jari
31%
Pará 13 Itaituba
29%
Roraima 28 Rorainópolis
26%
Amazonas 7 Atalaia do Norte
23%
Roraima 19 Caracaraí
23%
Acre 33 Feijó
23%
Amazonas 16 Apuí
20%
Amazonas 10 Lábrea
20%
Amazonas 23 Maués
20%
Amazonas 5 Tapauá
17%
Amazonas 18 Manicoré
17%
Pará 24 Novo Progresso
17%
Mato Grosso 34 Colniza
14%
Pará 17 Jacareacanga
14%
Amazonas 9 Jutaí
14%
Roraima 31 Amajari
11%
Amazonas 20 Borba
11%
Amazonas 15 Japurá
11%
Pará 32 Óbidos
11%
Amazonas 21 Pauini
9%
Amazonas 12 Santa Isabel do Rio Negro
9%
Amazonas 27 Canutama
6%
Amazonas 25 Novo Airão
6%
Pará 8 Almerim
3%
Amazonas 22 Novo Aripuanã
3%
Amazonas 35 Urucará
3%
Nenhum quiz correspondente encontrado
Distribuição das Pontuações
Porcentagem de Pessoas com Cada Pontuação
Percentil de Números Respondidos
Sua Pontuação Histórica
Você não jogou esse quiz